000 00724nam a2200205Ii 4500
003 JO-AjNU
008 230605s9999||||xx |||||||||||||| ||und||
040 _aJO-AjNU
_bara
_erda
_cJO-AjNU
041 _aara
050 1 4 _aBP173.758.M8344 1986
100 3 _aرضا، محمد رشيد,
_eauthor
_935170
245 0 0 _aالربا والمعاملات في الإسلام
250 _aط1
264 3 1 _aالقاهرة- بيروت: دار الكليات الازهرية ، دار ابن زيدون ، 1986
300 _a174ص
336 _atext
_btxt
_2rdacontent
337 _aunmediated
_bn
_2rdamedia
338 _avolume
_bnc
_2rdacarrier
650 4 _aالربا- المعاملات- الفقه الاسلامي
_935171
999 _aA14493
_c18061
_d18061